200 suosituinta miesten nimeä alkukirjaimella S - Statistics

Yleistilastot
  • Tätä visaa on pelattu 103 kertaa
  • Keskiarvotulos 44 / 200
Vastaustilastot
% Oikein
Sam
98%
Simo
97%
Sami
95%
Sammy
95%
Samy
95%
Samu
94%
Seppo
90%
Samuel
87%
Sante
84%
Santeri
84%
Sulo
84%
Sakari
79%
Sampo
78%
Saku
76%
Santtu
76%
Samuli
75%
Saul
75%
Sauli
75%
Sakke
70%
Severi
70%
Sampsa
65%
Simeon
63%
Sulevi
63%
Samppa
57%
Siimon
56%
Simon
56%
Sipi
56%
Sasu
54%
Salomo
52%
Salomon
52%
Sylvester
52%
Sebastian
51%
Sebastien
51%
Sébastien
51%
Sippo
49%
Sakaria
44%
Sakarias
44%
Sisu
41%
Serge
40%
Son
40%
Sem
38%
Silvo
38%
Saleem
37%
Salem
37%
Salim
37%
Seelim
37%
Selim
37%
Sergei
37%
Sergey
37%
Serguei
37%
Simeoni
37%
Sulho
37%
Soni
33%
Sonny
33%
Sepeteus
32%
Stefan
32%
Stepan
32%
Stephan
32%
Stephen
32%
Seponpoika
30%
Sameer
29%
Samer
29%
Samir
29%
Semi
29%
Sven
29%
Sami-Pekka
27%
Sami-Petteri
25%
Sylvesteri
25%
Stig
22%
Saminpoika
21%
Samuele
21%
Samueli
21%
Simo-Pekka
21%
Soini
21%
Sacha
17%
Sameli
17%
Sander
17%
Sandor
17%
Sasa
17%
Sasha
17%
Solmu
17%
Staffan
17%
Sten
17%
Steve
17%
Saska
16%
Sinuhe
16%
Steven
16%
Svante
16%
Seth
14%
Solomon
14%
Sture
14%
Sammeli
13%
Sani
13%
Sean
13%
Shawn
13%
Sune
13%
Sixten
11%
Sören
11%
Stanley
11%
Salmaan
10%
Salman
10%
Siilas
10%
Silas
10%
Sven-Erik
10%
Seeti
8%
Severus
8%
Sihveri
8%
Sointu
8%
Saad
6%
Saeed
6%
Said
6%
Santiago
6%
Sergio
6%
Severin
6%
Sigurd
6%
Stuart
6%
Sumu
6%
Sverker
6%
Salam
5%
Salar
5%
Salvador
5%
Samael
5%
Sandro
5%
Scott
5%
Silver
5%
Silvio
5%
Stefanos
5%
Stefanus
5%
Styrbjörn
5%
Sverre
5%
Saarni
3%
Sakariye
3%
Sakri
3%
Samson
3%
Seemi
3%
Shane
3%
Siegfried
3%
Sigfrid
3%
Sigge
3%
Sigvard
3%
Sina
3%
Sirius
3%
Sulaiman
3%
Suleiman
3%
Suleyman
3%
Sabri
2%
Sadeq
2%
Sadik
2%
Sadiq
2%
Sajjad
2%
Salah
2%
Salama
2%
Saleh
2%
Salih
2%
Savva
2%
Spencer
2%
Stanislav
2%
Stanislaw
2%
Stefano
2%
Storm
2%
Sven-Olof
2%
Saabir
0%
Sabah
0%
Saber
0%
Sabir
0%
Safwan
0%
Saif
0%
Salaad
0%
Salad
0%
Salvatore
0%
Saman
0%
Sanfrid
0%
Santino
0%
Sarmad
0%
Sayed
0%
Sefanias
0%
Seif
0%
Semen
0%
Serafim
0%
Serhat
0%
Serkan
0%
Setti
0%
Seyed
0%
Shahid
0%
Shahin
0%
Shakir
0%
Sharif
0%
Sharmarke
0%
Shayan
0%
Sheikh
0%
Sherif
0%
Sigvald
0%
Sinan
0%
Sipri
0%
Sirwan
0%
Soran
0%
Stellan
0%
Subhi
0%
Sultan
0%
Syed
0%
Ehtoja vastaavia visoja ei löytynyt
Tulosjakauma
Jokaisen tuloksen saaneiden osuus
Persentiili vastausten määrän mukaan
Tuloshistoriasi
Et ole pelannut tätä visaa